000
00298nam a2200133Ia 4500
005
20260328101531.0
008
260328s9999||||xx |||||||||||||| ||und||
100
_a
Escala
245
0
_a
Teoria e Historia /
_c
Escala
260
_b
Escala
300
_a
44 p.
650
_a
ARQUITECTURA
942
_c
BK
999
_c
10004
_d
10004